Les Enfoirés 2014 : Toutes les chansons - Statistiques

Statistiques générales
  • Ce quiz a été pris 18 fois
  • Le résultat moyen est 9 sur 14
Statistiques - réponses
Hint Réponse % Correct
1) Attention au départ
91%
4) A quoi ça sert l'amour
82%
14) La chanson des Restos
82%
12) Il faut savoir
73%
10) Jacques à dit
73%
13) La chanson du bénévole
73%
9) Laissez-nous chanter
73%
2) Qu'est ce qu'on fout à Strasbourg
73%
11) Ce n'est rien
64%
3) Noir et blanc
64%
6) On ira
64%
5) Seras-tu là
64%
7) Papaoutai
55%
8) Si tu ne me laisses pas tomber
18%
Aucun quiz correspondant
Distribution des résultats
% des personnes avec chaque résultat
Percentile par nombre de réponses
Votre historique - résultats
Vous n’avez pas pris ce quiz